| 000 | 00402nam a2200157Ia 4500 | ||
|---|---|---|---|
| 008 | 220216s9999 xx 000 0 und d | ||
| 100 | _aBhanot B | ||
| 245 | 0 | _aRole of auto rubber components in safety of vehicles | |
| 260 |
_bIndian Rubber Journal _c2003 |
||
| 300 | _a63-65 | ||
| 650 | _aRubber components | ||
| 650 | _aTyres | ||
| 700 |
_a _Arankalle A R |
||
| 700 | _aKaranth N V | ||
| 942 | _cJS | ||
| 999 |
_c67152 _d67152 |
||